[Event "Karl Mala Memorial op-A 17th"]
[Site "Frankfurt"]
[Date "2014.08.03"]
[Round "6"]
[White "Damm, Nils"]
[Black "Boeddeker, Henry"]
[Result "0-1"]
[WhiteElo "1748"]
[BlackElo "1917"]
[PlyCount "104"]
[EventDate "2014.07.31"]
[EventType "swiss"]
[EventRounds "7"]
[EventCountry "GER"]
[SourceTitle "EXT 2015"]
[Source "ChessBase"]
[SourceDate "2014.11.20"]
[SourceVersion "1"]
[SourceVersionDate "2014.11.20"]
[SourceQuality "1"]

1. e4 d6 2. d4 Nf6 3. Nc3 e5 4. Nf3 Nbd7 5. Bc4 Be7 6. 0-0 0-0 7. Re1 c6 8. a4 a5 9. b3 Nb6 10. Be2 exd4 11. Nxd4 d5 12. e5 Ne8 13. Bg4 g6 14. Bxc8 Qxc8 15. Qd3 Ng7 16. Bh6 Re8 17. Bxg7 Kxg7 18. Nf3 Bb4 19. Re2 Nd7 20. Na2 Bf8 21. Rae1 Nc5 22. Qe3 Kg8 23. Nc3 Ne6 24. Na2 Qb8 25. Nd4 Bc5 26. c3 Qa7 27. Rd1 f6 28. Qd2 fxe5 29. Rxe5 Bxd4 30. cxd4 Nxd4 31. Qe3 Rxe5 32. Qxe5 Nf5 33. Qe6+ Kh8 34. Qf6+ Ng7 35. Re1 Qc5 36. Re7 Qxe7 37. Qxe7 Re8 38. Qxe8+ Nxe8 39. f3 Kg7 40. Kf2 Kf6 41. Ke3 Ke5 42. f4+ Kd6 43. h3 Nf6 44. Nc1 Ne4 45. g4 b5 46. axb5 cxb5 47. Kd4 Nf2 48. f5 gxf5 49. gxf5 Nxh3 50. Nd3 Ng5 51. f6 h5 52. Ke3 a4 0-1

[Event "Karl Mala Memorial op-A 17th"]
[Site "Frankfurt"]
[Date "2014.08.03"]
[Round "7"]
[White "Kulenovic, Adnan"]
[Black "Damm, Nils"]
[Result "0-1"]
[WhiteElo "1941"]
[BlackElo "1748"]
[PlyCount "146"]
[EventDate "2014.07.31"]
[EventType "swiss"]
[EventRounds "7"]
[EventCountry "GER"]
[SourceTitle "EXT 2015"]
[Source "ChessBase"]
[SourceDate "2014.11.20"]
[SourceVersion "1"]
[SourceVersionDate "2014.11.20"]
[SourceQuality "1"]

1. e4 d5 2. Nc3 dxe4 3. Nxe4 Qd5 4. Qf3 Qe5 5. Qe3 Bf5 6. d3 Bxe4 7. Qxe4 Nc6 8. Qxe5 Nxe5 9. Bf4 Ng6 10. Bxc7 e5 11. 0-0-0 Bc5 12. f4 Be3+ 13. Kb1 Bxf4 14. g3 Rc8 15. Bd6 Rd8 16. Ba3 Be3 17. c3 N8e7 18. Nf3 f6 19. d4 e4 20. Nh4 Nxh4 21. gxh4 f5 22. Bc4 Nd5 23. Bb5+ Kf7 24. c4 Nc7 25. d5 Nxb5 26. cxb5 Rd7 27. Rhf1 f4 28. Rde1 Kg6 29. d6 Re8 30. Re2 Re5 31. Rc2 f3 32. Rc7 Rxc7 33. dxc7 Re8 34. Bd6 Bb6 35. Bg3 Rc8 36. Rc1 e3 37. Kc2 f2 38. Kd3 Kf6 39. Ke2 Ke6 40. Rc3 Bd4 41. Rd3 Kd5 42. Rd1 Ke4 43. b4 g6 44. a4 b6 45. Rc1 Be5 46. Bxe5 Kxe5 47. Kxe3 Rxc7 48. Rf1 Rc2 49. a5 Rb2 50. axb6 axb6 51. Kf3 Rxb4 52. Kg3 Rf4 53. h3 Ke4 54. h5 gxh5 55. Rxf2 Rxf2 56. Kxf2 Kf4 57. Kg2 h4 58. Kf2 h6 59. Kg2 Ke3 60. Kf1 Kf3 61. Ke1 Kg3 62. Ke2 Kxh3 63. Kf3 h5 64. Kf2 Kg4 65. Kg2 h3+ 66. Kh2 Kf4 67. Kxh3 Ke4 68. Kh4 Kd5 69. Kxh5 Kc5 70. Kg4 Kxb5 71. Kf3 Kc4 72. Ke2 Kc3 73. Kd1 Kb2 0-1

[Event "Hessen-ch U16"]
[Site "Bad Homburg"]
[Date "2014.04.18"]
[Round "6"]
[White "Hafensteiner, Tim"]
[Black "Damm, Nils"]
[Result "0-1"]
[WhiteElo "1572"]
[BlackElo "1748"]
[PlyCount "54"]
[EventDate "2014.04.??"]
[EventType "swiss"]
[EventRounds "7"]
[EventCountry "GER"]
[SourceTitle "EXT 2022"]
[Source "ChessBase"]
[SourceDate "2021.10.06"]
[SourceVersion "1"]
[SourceVersionDate "2021.10.06"]
[SourceQuality "1"]

1. e4 d5 2. exd5 Qxd5 3. Nc3 Qd6 4. Nf3 Nf6 5. d4 c6 6. Ne5 Nbd7 7. Nc4 Qc7 8. Qf3 Nb6 9. Bf4 Qd8 10. Be5 Bg4 11. Qf4 Be6 12. Bc7 Nbd5 13. Bxd8 Nxf4 14. Bc7 Nxg2+ 15. Bxg2 Bxc4 16. 0-0-0 e6 17. Rhe1 Bb4 18. a3 Bxc3 19. bxc3 Nd5 20. Bxd5 cxd5 21. Bg3 0-0 22. Rd2 Rac8 23. f4 Rc6 24. Rf2 g6 25. Re3 Rfc8 26. Bh4 Kg7 27. Bg3 Ra6 0-1

[Event "Hessen-ch U16"]
[Site "Bad Homburg"]
[Date "2014.04.16"]
[Round "4"]
[White "Damm, Nils"]
[Black "Oezdemir, Ali Oezden"]
[Result "1/2-1/2"]
[WhiteElo "1748"]
[BlackElo "1882"]
[PlyCount "38"]
[EventDate "2014.04.??"]
[EventType "swiss"]
[EventRounds "7"]
[EventCountry "GER"]
[SourceTitle "EXT 2022"]
[Source "ChessBase"]
[SourceDate "2021.10.06"]
[SourceVersion "1"]
[SourceVersionDate "2021.10.06"]
[SourceQuality "1"]

1. e4 c5 2. Nc3 e6 3. f4 Nc6 4. Nf3 d6 5. Bc4 a6 6. a4 Nf6 7. 0-0 Be7 8. d3 0-0 9. Ba2 Re8 10. h3 b5 11. g4 Nd7 12. axb5 axb5 13. Kh1 Na5 14. Bd2 c4 15. Ne2 cxd3 16. cxd3 b4 17. Ned4 Nc5 18. Bc1 Ba6 19. Bb1 Qb6 1/2-1/2

[Event "Hessen-ch U16"]
[Site "Bad Homburg"]
[Date "2014.04.15"]
[Round "2"]
[White "Keller, Peter1111"]
[Black "Damm, Nils"]
[Result "1/2-1/2"]
[WhiteElo "2048"]
[BlackElo "1748"]
[PlyCount "100"]
[EventDate "2014.04.??"]
[EventType "swiss"]
[EventRounds "7"]
[EventCountry "GER"]
[SourceTitle "EXT 2022"]
[Source "ChessBase"]
[SourceDate "2021.10.06"]
[SourceVersion "1"]
[SourceVersionDate "2021.10.06"]
[SourceQuality "1"]

1. e4 d5 2. exd5 Qxd5 3. Nf3 Nf6 4. d4 c6 5. c4 Qd8 6. h3 Bf5 7. Nc3 e6 8. g4 Bg6 9. Ne5 Na6 10. Bg2 Bd6 11. Nxg6 hxg6 12. 0-0 Bc7 13. c5 Nb4 14. Qb3 Qxd4 15. Rd1 Qxc5 16. Be3 Qe7 17. Kf1 0-0 18. Bg5 Nbd5 19. Qxb7 Qc5 20. Nxd5 Nxd5 21. Bxd5 Bb6 22. Be3 Qb5+ 23. Kg2 cxd5 24. a4 Qb4 25. Bxb6 axb6 26. Rdc1 Rxa4 27. Rxa4 Qxa4 28. Qxb6 Qe4+ 29. Kg1 d4 30. Qc6 Qxc6 31. Rxc6 Rb8 32. Rc4 d3 33. Rd4 Rb3 34. f4 Kf8 35. Kf1 Ke7 36. Ke1 g5 37. fxg5 e5 38. Re4 Ke6 39. Kd2 Kd5 40. Ra4 Rxb2+ 41. Kxd3 Rb3+ 42. Kd2 Rxh3 43. Ra7 f6 44. Rxg7 fxg5 45. Rxg5 Ke4 46. Rg8 Rh2+ 47. Ke1 Ke3 48. Kf1 e4 49. g5 Rf2+ 50. Kg1 Ra2 1/2-1/2

[Event "Hessen-ch U16"]
[Site "Bad Homburg"]
[Date "2014.04.14"]
[Round "1"]
[White "Damm, Nils"]
[Black "Keller, Yannik"]
[Result "1-0"]
[WhiteElo "1748"]
[BlackElo "1517"]
[PlyCount "60"]
[EventDate "2014.04.??"]
[EventType "swiss"]
[EventRounds "7"]
[EventCountry "GER"]
[SourceTitle "EXT 2022"]
[Source "ChessBase"]
[SourceDate "2021.10.06"]
[SourceVersion "1"]
[SourceVersionDate "2021.10.06"]
[SourceQuality "1"]

1. e4 e5 2. Bc4 Nc6 3. Nc3 Bc5 4. Nf3 d6 5. d3 Bg4 6. h3 Bh5 7. g4 Bg6 8. Bg5 f6 9. Bd2 Qd7 10. Na4 Bb6 11. Nxb6 axb6 12. a3 h5 13. g5 h4 14. Bxg8 Bh5 15. gxf6 gxf6 16. Be3 Rxg8 17. Nxe5 Bxd1 18. Nxd7 Kxd7 19. Rxd1 Rg2 20. Ke2 Rag8 21. c3 Ne5 22. Bf4 Kc6 23. Bh2 Rf8 24. Rdg1 Rfg8 25. Rxg2 Rxg2 26. Bxe5 fxe5 27. Kf1 Rg7 28. Rg1 Rf7 29. Rg4 Rf3 30. Rxh4 Rxd3 1-0

[Event "Karl Mala Memorial op 15th"]
[Site "Frankfurt"]
[Date "2012.07.07"]
[Round "4"]
[White "Krasnopeyeva, Julia"]
[Black "Damm, Nils"]
[Result "1/2-1/2"]
[WhiteElo "1967"]
[BlackElo "1726"]
[PlyCount "92"]
[EventDate "2012.07.05"]
[EventType "swiss"]
[EventRounds "7"]
[EventCountry "GER"]
[SourceTitle "CBM 149 Extra"]
[Source "ChessBase"]
[SourceDate "2012.08.24"]
[SourceVersion "1"]
[SourceVersionDate "2012.08.24"]
[SourceQuality "1"]

1. e4 d6 2. d4 Nf6 3. Nc3 g6 4. Be3 Bg7 5. Qd2 c6 6. h3 Nbd7 7. f4 b5 8. a3 a6 9. 0-0-0 a5 10. e5 Ng8 11. Ne4 d5 12. Ng5 h6 13. N5f3 e6 14. g4 Ne7 15. Bd3 Nb6 16. f5 exf5 17. gxf5 Bxf5 18. Nh4 Nc4 19. Qf2 Nxe3 20. Qxe3 Bxd3 21. Qxd3 g5 22. Ng2 Qd7 23. Rf1 Qe6 24. Ne3 Qg6 25. Qd2 f6 26. exf6 Bxf6 27. Ng4 0-0 28. Nf3 Kg7 29. Re1 Ra7 30. Rh2 Qf5 31. Rf2 Qg6 32. Rfe2 Nf5 33. Re6 Qh5 34. Rxc6 Qxh3 35. Nfe5 Bxe5 36. Nxe5 Rf6 37. Rc5 b4 38. a4 g4 39. Rxd5 Nh4 40. Qe2 Ng2 41. Rg1 Qe3+ 42. Qxe3 Nxe3 43. Rc5 Rf4 44. Kd2 Nf5 45. Nxg4 Rxd4+ 46. Kc1 Ne7 1/2-1/2

[Event "Hessen-ch U14"]
[Site "Bad Homburg"]
[Date "2012.??.??"]
[Round "5"]
[White "Damm, Nils"]
[Black "Keller, Peter1111"]
[Result "1/2-1/2"]
[WhiteElo "1706"]
[BlackElo "1931"]
[PlyCount "118"]
[EventDate "2012.04.??"]
[EventType "swiss"]
[EventRounds "9"]
[EventCountry "GER"]
[SourceTitle "EXT 2015"]
[Source "ChessBase"]
[SourceDate "2014.11.20"]
[SourceVersion "1"]
[SourceVersionDate "2014.11.20"]
[SourceQuality "1"]

1. e4 e5 2. Nc3 Nf6 3. g3 Nc6 4. Bg2 g6 5. Nge2 Bg7 6. d3 0-0 7. Bg5 h6 8. Bxf6 Bxf6 9. Nd5 Bg7 10. Qd2 Ne7 11. Nxe7+ Qxe7 12. 0-0 d6 13. c3 Be6 14. f4 c6 15. f5 Bd7 16. Rf3 gxf5 17. exf5 Qg5 18. Qxg5 hxg5 19. g4 f6 20. Ng3 d5 21. Re3 Rfd8 22. Nh5 Be8 23. Nxg7 Kxg7 24. d4 e4 25. Kf2 Bd7 26. Ree1 Rh8 27. h3 b6 28. Ke3 Bc8 29. Rh1 Ba6 30. b3 Bd3 31. Bf1 Bxf1 32. Raxf1 a5 33. Rc1 b5 34. c4 Rac8 35. c5 b4 36. Rb1 Ra8 37. a4 bxa3 38. Ra1 Rhb8 39. Rxa3 Rb4 40. h4 gxh4 41. Rxh4 a4 42. bxa4 Rbxa4 43. Rxa4 Rxa4 44. g5 fxg5 45. Rh5 Ra3+ 46. Ke2 Kf6 47. Rh6+ Kxf5 48. Rxc6 Rd3 49. Rc8 Rxd4 50. c6 Rc4 51. c7 Ke6 52. Kd2 Kd7 53. Rd8+ Kxc7 54. Rxd5 g4 55. Rg5 Kd6 56. Ke3 Ke6 57. Kf4 Kf6 58. Ra5 Ke6 59. Kxg4 Rb4 1/2-1/2

[Event "Hessen-ch U14"]
[Site "Bad Homburg"]
[Date "2012.??.??"]
[Round "2"]
[White "Damm, Nils"]
[Black "Oezdemir, Ali Oezden"]
[Result "1-0"]
[WhiteElo "1706"]
[BlackElo "1132"]
[PlyCount "105"]
[EventDate "2012.04.??"]
[EventType "swiss"]
[EventRounds "9"]
[EventCountry "GER"]
[SourceTitle "EXT 2015"]
[Source "ChessBase"]
[SourceDate "2014.11.20"]
[SourceVersion "1"]
[SourceVersionDate "2014.11.20"]
[SourceQuality "1"]

1. c4 b6 2. Nc3 c5 3. e4 Bb7 4. g3 g6 5. Bg2 Bg7 6. Nge2 Nc6 7. 0-0 e6 8. d3 Nge7 9. f4 d6 10. a3 0-0 11. Rb1 Nd4 12. Be3 Qd7 13. b4 Rfd8 14. Bh3 f5 15. Bg2 Rac8 16. b5 Nxe2+ 17. Nxe2 e5 18. Qc2 Rc7 19. Bh3 Qe6 20. Rf2 Bc8 21. a4 Bh6 22. Qd2 Rf8 23. Nc3 Qf7 24. Bg2 Qg7 25. Nd5 Nxd5 26. exd5 Re7 27. Qc3 g5 28. fxg5 Bxg5 29. Bxg5 Qxg5 30. Re1 Rg7 31. Qc1 f4 32. Ref1 h5 33. Kh1 Rf6 34. Be4 h4 35. gxf4 Qh6 36. f5 Qh5 37. Qe3 Bd7 38. Qf3 Qh6 39. Rg2 h3 40. Rxg7+ Kxg7 41. Qg3+ Kf8 42. Rg1 Qh7 43. Qg5 Qf7 44. Rg3 Bxf5 45. Bxf5 Rxf5 46. Qd8+ Qe8 47. Rg8+ Kxg8 48. Qxe8+ Kg7 49. Kg1 Rg5+ 50. Kf1 Rf5+ 51. Ke2 Rg5 52. Qe7+ Kg8 53. Qd8+ 1-0

[Event "Hessen-ch U14"]
[Site "Bad Homburg"]
[Date "2012.??.??"]
[Round "7"]
[White "Damm, Nils"]
[Black "Paulsen, Alexej"]
[Result "1/2-1/2"]
[WhiteElo "1706"]
[BlackElo "1586"]
[PlyCount "84"]
[EventDate "2012.04.??"]
[EventType "swiss"]
[EventRounds "9"]
[EventCountry "GER"]
[SourceTitle "EXT 2015"]
[Source "ChessBase"]
[SourceDate "2014.11.20"]
[SourceVersion "1"]
[SourceVersionDate "2014.11.20"]
[SourceQuality "1"]

1. e4 c5 2. Nc3 Nc6 3. f4 d6 4. Nf3 e6 5. Bb5 a6 6. Bxc6+ bxc6 7. 0-0 Be7 8. Qe1 Nf6 9. d3 0-0 10. Kh1 d5 11. e5 Nd7 12. Qg3 f5 13. Ng5 Bxg5 14. fxg5 Qc7 15. Bf4 Rb8 16. Nd1 Nb6 17. b3 a5 18. Qe1 Ra8 19. Rf3 Bb7 20. Nb2 g6 21. h4 Kg7 22. Rh3 Rh8 23. Qc3 Qe7 24. a4 d4 25. Qe1 Nd5 26. Bd2 Nb4 27. Bxb4 cxb4 28. Nc4 c5 29. Qg3 Qc7 30. Rf1 Qc6 31. Rf2 Qc7 32. Qf4 h6 33. gxh6+ Rxh6 34. Qg5 Qd8 35. Qxd8 Rxd8 36. Nxa5 Bd5 37. Kg1 Rdh8 38. Rf4 g5 39. hxg5 Rxh3 40. gxh3 Rxh3 41. Kf1 Kg6 42. Nc4 Kxg5 1/2-1/2

[Event "Hessen-ch U14"]
[Site "Bad Homburg"]
[Date "2012.??.??"]
[Round "1"]
[White "Sterf, Julian"]
[Black "Damm, Nils"]
[Result "0-1"]
[WhiteElo "1022"]
[BlackElo "1706"]
[PlyCount "58"]
[EventDate "2012.04.??"]
[EventType "swiss"]
[EventRounds "9"]
[EventCountry "GER"]
[SourceTitle "EXT 2015"]
[Source "ChessBase"]
[SourceDate "2014.11.20"]
[SourceVersion "1"]
[SourceVersionDate "2014.11.20"]
[SourceQuality "1"]

1. e4 d6 2. Nf3 Nf6 3. Nc3 g6 4. Bc4 Bg7 5. 0-0 Bg4 6. d4 0-0 7. Bg5 Nc6 8. Bxf6 Bxf6 9. d5 Ne5 10. Be2 Bxf3 11. Bxf3 c6 12. Rb1 Qa5 13. dxc6 bxc6 14. a3 Nc4 15. Qd3 Nxb2 16. Rxb2 Bxc3 17. Rb3 Bf6 18. e5 Bxe5 19. Bxc6 Rac8 20. Rb5 Qc7 21. Bb7 Qxc2 22. Qxc2 Rxc2 23. Ra5 Bd4 24. Ra4 Bc5 25. Be4 Ra2 26. Bd5 Rxa3 27. Rxa3 Bxa3 28. Ra1 Bc5 29. Ra5 Rb8 0-1

[Event "GER-ch Net final U14"]
[Site "Playchess.com INT"]
[Date "2011.05.18"]
[Round "7"]
[White "Damm, Nils"]
[Black "Hirschmann, Jakob"]
[Result "0-1"]
[WhiteElo "1575"]
[BlackElo "1829"]
[PlyCount "54"]
[EventDate "2011.05.18"]
[EventType "swiss (blitz)"]
[EventRounds "9"]
[EventCountry "GER"]
[SourceTitle "CBM 142 Extra"]
[Source "ChessBase"]
[SourceDate "2011.06.27"]
[SourceVersion "1"]
[SourceVersionDate "2011.06.27"]
[SourceQuality "1"]

1. g3 e5 2. Bg2 d6 3. c4 Nc6 4. Nc3 Be6 5. d3 g6 6. e3 Bg7 7. Nge2 Qd7 8. 0-0 Bh3 9. f4 Nge7 10. e4 h5 11. Nd5 0-0-0 12. Nxe7+ Nxe7 13. Qb3 h4 14. fxe5 Bxg2 15. Kxg2 hxg3 16. hxg3 Qh3+ 17. Kf2 Bxe5 18. Bf4 Bxf4 19. Nxf4 Qh2+ 20. Kf3 g5 21. Rh1 g4+ 22. Kxg4 Rdg8+ 23. Ng6 Qe2+ 24. Kf4 Nxg6+ 25. Kg5 Nh4+ 26. Kf6 Qf3+ 27. Ke7 Re8# 0-1

[Event "GER-ch U12"]
[Site "Oberhof"]
[Date "2010.05.29"]
[Round "11"]
[White "Damm, Nils"]
[Black "Manusina, Nicole"]
[Result "1-0"]
[WhiteElo "1639"]
[BlackElo "1789"]
[PlyCount "77"]
[EventDate "2010.05.22"]
[EventType "swiss"]
[EventRounds "11"]
[EventCountry "GER"]
[SourceTitle "CBM 136 Extra"]
[Source "ChessBase"]
[SourceDate "2010.07.02"]
[SourceVersion "2"]
[SourceVersionDate "2010.07.15"]
[SourceQuality "1"]

1. c4 e6 2. g3 d5 3. Bg2 Nf6 4. Nf3 Be7 5. 0-0 0-0 6. b3 c5 7. Bb2 Nc6 8. e3 d4 9. exd4 cxd4 10. d3 e5 11. Re1 Bd6 12. Ba3 Bxa3 13. Nxa3 Re8 14. Nd2 Ng4 15. h3 Nh6 16. Nc2 Bf5 17. Ne4 f6 18. Qf3 Bg6 19. Nc5 Rc8 20. Qd5+ Qxd5 21. Bxd5+ Kh8 22. Nxb7 Rc7 23. Nd6 Rd8 24. Nb5 Rcc8 25. Bxc6 Rxc6 26. Nxa7 Ra6 27. Nb5 Bxd3 28. Nb4 Rb6 29. Nxd3 Nf7 30. h4 g5 31. a4 gxh4 32. gxh4 Rg8+ 33. Kh2 Rg4 34. a5 Rb8 35. a6 Rxh4+ 36. Kg3 Rh6 37. a7 Rg6+ 38. Kf3 e4+ 39. Kxe4 1-0

[Event "GER-ch U12"]
[Site "Oberhof"]
[Date "2010.05.26"]
[Round "7"]
[White "Damm, Nils"]
[Black "Bach, Jannik"]
[Result "1/2-1/2"]
[WhiteElo "1639"]
[BlackElo "1680"]
[PlyCount "75"]
[EventDate "2010.05.22"]
[EventType "swiss"]
[EventRounds "11"]
[EventCountry "GER"]
[SourceTitle "CBM 136 Extra"]
[Source "ChessBase"]
[SourceDate "2010.07.02"]
[SourceVersion "2"]
[SourceVersionDate "2010.07.15"]
[SourceQuality "1"]

1. c4 b6 2. Nc3 Bb7 3. e4 e6 4. g3 f5 5. Bg2 Nf6 6. d3 Bb4 7. f3 0-0 8. Nge2 d5 9. cxd5 exd5 10. exf5 d4 11. Qb3+ Kh8 12. Qxb4 c5 13. Qb3 dxc3 14. Qxc3 Nd5 15. Qd2 Nb4 16. Nf4 Rxf5 17. a3 Nd5 18. Nxd5 Bxd5 19. 0-0 Nc6 20. g4 Rf7 21. Qg5 Nd4 22. Qxd8+ Rxd8 23. Bg5 Rdf8 24. f4 Bxg2 25. Kxg2 h6 26. Bh4 Nc2 27. f5 Ne3+ 28. Kf3 Nxf1 29. Rxf1 Re8 30. Re1 Rxe1 31. Bxe1 Re7 32. Bc3 Kg8 33. Kf4 Re2 34. h4 Kf7 35. g5 hxg5+ 36. hxg5 b5 37. Kf3 Re8 38. d4 1/2-1/2

[Event "GER-ch U12"]
[Site "Oberhof"]
[Date "2010.05.25"]
[Round "5"]
[White "Damm, Nils"]
[Black "Baskin, Robert"]
[Result "1/2-1/2"]
[WhiteElo "1639"]
[BlackElo "1828"]
[PlyCount "50"]
[EventDate "2010.05.22"]
[EventType "swiss"]
[EventRounds "11"]
[EventCountry "GER"]
[SourceTitle "CBM 136 Extra"]
[Source "ChessBase"]
[SourceDate "2010.07.02"]
[SourceVersion "2"]
[SourceVersionDate "2010.07.15"]
[SourceQuality "1"]

1. c4 e5 2. g3 Nf6 3. Bg2 d5 4. cxd5 Nxd5 5. Nc3 Nb6 6. Nf3 Nc6 7. 0-0 Be7 8. a3 0-0 9. b4 Be6 10. Rb1 f6 11. d3 Qd7 12. Bb2 Rad8 13. Ne4 Qe8 14. Rc1 a6 15. Nc5 Bxc5 16. Rxc5 e4 17. Ne1 exd3 18. Nxd3 Bd5 19. Bxd5+ Nxd5 20. Qb3 Qf7 21. e4 Nb6 22. Qxf7+ Rxf7 23. Nf4 Na4 24. Rc2 Rfd7 25. f3 Nxb2 1/2-1/2

[Event "GER-ch Net qual4 U14"]
[Site "Playchess.com INT"]
[Date "2009.06.17"]
[Round "6"]
[White "Damm, Nils"]
[Black "Pauly, Carlo"]
[Result "0-1"]
[WhiteElo "1587"]
[BlackElo "2025"]
[PlyCount "128"]
[EventDate "2009.06.17"]
[EventType "swiss (blitz)"]
[EventRounds "7"]
[EventCountry "GER"]
[SourceTitle "CBM 130 Extra"]
[Source "ChessBase"]
[SourceDate "2009.07.02"]
[SourceVersion "2"]
[SourceVersionDate "2009.07.15"]
[SourceQuality "1"]

1. e4 c5 2. Nf3 d6 3. d4 cxd4 4. Nxd4 Nf6 5. Nc3 a6 6. Bc4 e6 7. Bb3 Nbd7 8. 0-0 Nc5 9. f3 b5 10. a3 Bb7 11. Be3 Be7 12. a4 b4 13. Na2 Nxb3 14. Nxb3 d5 15. e5 Nd7 16. f4 Qc7 17. Qd2 a5 18. Nac1 Nb6 19. Bxb6 Qxb6+ 20. Kh1 0-0 21. Nd3 Rac8 22. Qf2 Qxf2 23. Rxf2 Ba6 24. Nxa5 Rc7 25. Nb3 Rfc8 26. Ne1 Rc4 27. Rc1 g5 28. Na5 R4c5 29. Nb3 Rc4 30. Nd2 R4c7 31. Ndf3 gxf4 32. Nd4 Rc4 33. Rxf4 Bc5 34. Rg4+ Kf8 35. Nef3 Bxd4 36. Nxd4 b3 37. c3 h5 38. Rh4 Ke7 39. Rxh5 Rxd4 40. Rh3 Rd2 41. Rb1 Bd3 42. Ra1 Be4 43. Rg3 Rxb2 44. h3 Rb1+ 45. Rxb1 Bxb1 46. c4 Bc2 47. cxd5 b2 48. d6+ Kd7 49. Rf3 b1Q+ 50. Kh2 Bf5 51. g4 Rc2+ 52. Kg3 Qe1+ 53. Kf4 Qd2+ 54. Kg3 Qh2+ 55. Kh4 Qxe5 56. gxf5 Rc4+ 57. Kg5 f6+ 58. Kg6 exf5 59. Rxf5 Qe8+ 60. Kxf6 Qe6+ 61. Kg5 Qe3+ 62. Kf6 Qxh3 63. a5 Rc6 64. Kg7 Qxf5 0-1

[Event "GER-ch Net qual4 U14"]
[Site "Playchess.com INT"]
[Date "2009.06.17"]
[Round "7"]
[White "Golosnyak, Alexander"]
[Black "Damm, Nils"]
[Result "0-1"]
[WhiteElo "1462"]
[BlackElo "1587"]
[PlyCount "176"]
[EventDate "2009.06.17"]
[EventType "swiss (blitz)"]
[EventRounds "7"]
[EventCountry "GER"]
[SourceTitle "CBM 130 Extra"]
[Source "ChessBase"]
[SourceDate "2009.07.02"]
[SourceVersion "2"]
[SourceVersionDate "2009.07.15"]
[SourceQuality "1"]

1. e4 e5 2. Nf3 Nc6 3. Bb5 a6 4. Ba4 Nf6 5. d4 b5 6. Bb3 d6 7. dxe5 Nxe5 8. Nxe5 dxe5 9. Qxd8+ Kxd8 10. 0-0 Ke8 11. Nc3 Bb4 12. Bd5 Nxd5 13. Nxd5 Bd6 14. Be3 c6 15. Nc3 b4 16. Na4 Ke7 17. Bc5 Bxc5 18. Nxc5 Kd6 19. Nb3 a5 20. Rad1+ Ke7 21. Nc5 f6 22. Rd3 Rd8 23. Rfd1 Rxd3 24. Rxd3 Be6 25. Nxe6 Kxe6 26. c3 c5 27. cxb4 axb4 28. Rd5 Rxa2 29. Kf1 Rxb2 30. Rxc5 Rb1+ 31. Ke2 b3 32. Kd2 Rb2+ 33. Kc3 Rxf2 34. Kxb3 Rxg2 35. Rc6+ Kd7 36. Ra6 h6 37. Ra7+ Ke8 38. Kc4 Kf8 39. Kd5 Rxh2 40. Ke6 Kg8 41. Ra8+ Kh7 42. Kf7 Rg2 43. Rg8 h5 44. Ra8 h4 45. Ra3 Rg3 46. Ra1 Re3 47. Rh1 Rxe4 48. Rg1 Kh6 49. Rg6+ Kh5 50. Rxg7 h3 51. Kxf6 Re3 52. Rh7+ Kg4 53. Rg7+ Kf3 54. Rh7 Kg2 55. Rg7+ Rg3 56. Rh7 h2 57. Kxe5 Rh3 58. Rg7+ Rg3 59. Rh7 h1Q 60. Rxh1 Kxh1 61. Kf4 Ra3 62. Ke4 Kg2 63. Kf4 Rd3 64. Ke4 Ra3 65. Kf4 Kf2 66. Ke4 Ke2 67. Kd4 Rh3 68. Kc4 Rh5 69. Kd4 Kf3 70. Kd3 Rd5+ 71. Kc4 Rd8 72. Kc5 Ke4 73. Kc6 Ke5 74. Kc7 Rd1 75. Kc6 Rd2 76. Kc7 Ke6 77. Kc8 Ke7 78. Kc7 Rc2+ 79. Kb6 Kd6 80. Kb5 Rc8 81. Kb4 Kd5 82. Kb3 Kd4 83. Kb2 Kd3 84. Kb1 Kd2 85. Kb2 Rb8+ 86. Ka3 Kc3 87. Ka4 Rb1 88. Ka3 Ra1# 0-1

[Event "GER-ch Net qual4 U14"]
[Site "Playchess.com INT"]
[Date "2009.06.17"]
[Round "1"]
[White "Ucaroglu Melih, Furkan"]
[Black "Damm, Nils"]
[Result "1-0"]
[WhiteElo "1383"]
[BlackElo "1587"]
[PlyCount "175"]
[EventDate "2009.06.17"]
[EventType "swiss (blitz)"]
[EventRounds "7"]
[EventCountry "GER"]
[SourceTitle "CBM 130 Extra"]
[Source "ChessBase"]
[SourceDate "2009.07.02"]
[SourceVersion "2"]
[SourceVersionDate "2009.07.15"]
[SourceQuality "1"]

1. e4 e5 2. Nf3 Nc6 3. Nc3 Nf6 4. Be2 Bb4 5. d3 0-0 6. Bg5 h6 7. Bh4 Bxc3+ 8. bxc3 d6 9. 0-0 Qe7 10. Nd2 Qe6 11. h3 b6 12. f4 exf4 13. Rxf4 Nd7 14. Bg4 Qg6 15. Bf5 Nde5 16. Bxg6 Nxg6 17. Qf3 Nce5 18. Qe3 Nxf4 19. Qxf4 Ng6 20. Qf2 f5 21. Qe1 fxe4 22. Nxe4 d5 23. Nd2 Rf4 24. Bg3 Rf7 25. c4 Bb7 26. cxd5 Bxd5 27. Ne4 Re8 28. Qd2 Bxe4 29. dxe4 Rxe4 30. Qd3 Rfe7 31. Bxc7 Re3 32. Qd8+ Kh7 33. Bh2 Re2 34. Qd3 R7e3 35. Qd1 Nh4 36. Qf1 Rxg2+ 37. Qxg2 Nxg2 38. Kxg2 Re2+ 39. Kg3 Rxc2 40. a4 Rc3+ 41. Kf4 g5+ 42. Kg4 Rc4+ 43. Kg3 h5 44. Bg1 Rc3+ 45. Kg2 h4 46. Rd1 Rc2+ 47. Bf2 Kh6 48. Rd7 a5 49. Rb7 Ra2 50. Rxb6+ Kh5 51. Rb5 Rxa4 52. Be3 Ra2+ 53. Kf3 Kh6 54. Bxg5+ Kg6 55. Bxh4 a4 56. Bg3 a3 57. Ra5 Ra1 58. Be5 Ra2 59. Bd6 Ra1 60. Rxa3 Rf1+ 61. Kg2 Rb1 62. Rf3 Rb2+ 63. Rf2 Rb6 64. Bc5 Rc6 65. Be3 Re6 66. Bc1 Re1 67. Bd2 Rd1 68. Bf4 Ra1 69. h4 Ra4 70. Kg3 Kh5 71. Bg5 Rg4+ 72. Kh2 Ra4 73. Rf8 Ra2+ 74. Kg1 Ra1+ 75. Kf2 Ra2+ 76. Ke3 Ra3+ 77. Ke4 Ra4+ 78. Kf5 Ra5+ 79. Kf6 Ra6+ 80. Kg7 Rg6+ 81. Kf7 Ra6 82. Rh8+ Kg4 83. Bf6 Ra7+ 84. Be7 Ra5 85. Kg6 Ra6+ 86. Bf6 Ra5 87. h5 Rxh5 88. Rxh5 1-0

[Event "GER-ch U12"]
[Site "Willingen"]
[Date "2009.06.06"]
[Round "11"]
[White "Hansch, Stephan"]
[Black "Damm, Nils"]
[Result "0-1"]
[WhiteElo "1791"]
[BlackElo "1458"]
[PlyCount "72"]
[EventDate "2009.05.30"]
[EventType "swiss"]
[EventRounds "11"]
[EventCountry "GER"]
[SourceTitle "EXT 2010"]
[Source "ChessBase"]
[SourceDate "2010.11.25"]
[SourceVersion "1"]
[SourceVersionDate "2010.11.25"]
[SourceQuality "1"]

1. d4 d5 2. Nf3 Nc6 3. e3 Bg4 4. c4 Bxf3 5. Qxf3 e6 6. Nc3 Nf6 7. b3 Bb4 8. Bb2 Ne4 9. Rc1 Qe7 10. Bd3 Bxc3+ 11. Bxc3 Nxc3 12. Rxc3 Qb4 13. Kd2 Qa5 14. Ra1 Nb4 15. a3 0-0 16. c5 Nxd3 17. Kxd3 Qb5+ 18. Kc2 Qd7 19. h4 Qe7 20. h5 Qg5 21. g4 f5 22. Qg3 fxg4 23. Qxc7 Rxf2+ 24. Kc1 Qxh5 25. Rd3 Rf1+ 26. Kb2 Rf2+ 27. Kc3 Qh2 28. Qe7 Rc2+ 29. Kb4 a5+ 30. Kb5 Qe2 31. Qxe6+ Kh8 32. Rad1 Rc3 33. Qf5 Rxb3+ 34. Ka4 Qc2 35. Rxb3 Qc4+ 36. Rb4 axb4# 0-1